Les meilleurs buteurs de l'histoire de la Juventus de Turin - Statistiques

Statistiques générales
  • Ce quiz a été pris 142 fois
  • Le résultat moyen est 3 sur 10
Statistiques - réponses
Buts Nationalité Joueur % Correct
290 Italie Alessandro Del Piero
96%
171 France David Trezeguet
76%
115 Argentine Paulo Dybala
63%
115 Italie Roberto Baggio
44%
167 Argentine / Italie Omar Sivori
16%
182 Italie Giampiero Boniperti
10%
178 Italie Roberto Bettega
8%
124 Danemark Johan Hansen
1%
161 Italie Felice Borel
0%
131 Italie Pietro Anastasi
0%
Aucun quiz correspondant
Distribution des résultats
% des personnes avec chaque résultat
Percentile par nombre de réponses
Votre historique - résultats
Vous n’avez pas pris ce quiz